Meditation, self-regulation strategy & altered state of consciousness : a scientific/personal exploration /

Bibliographic Details
Main Author: Shapiro, Deane H.
Format: Book
Language:English
Published: New York : Aldine, 1980.
Subjects:

MARC

Tag First Indicator Second Indicator Subfields
LEADER 00000cam a2200000 a 4500
001 in00000082355
005 20151008061139.0
008 811027s1980 nyua b 00110 eng
010 |a  81167900  
020 |z 0202251321 
035 |a (OCoLC)07946049 
035 |9 AAJ7408AM 
039 0 |a 2  |b 3  |c 3  |d 3  |e 3 
040 |a DLC  |c DLC  |d WQM  |d TXA  |d UtOrBLW 
049 |a TXAM  |c [388120] 
050 0 0 |a BF637.M4  |b S5 
082 0 |a 158/.12  |2 19 
096 |a BF 637.M4 S529m 1980 
100 1 |a Shapiro, Deane H. 
245 1 0 |a Meditation, self-regulation strategy & altered state of consciousness :  |b a scientific/personal exploration /  |c Deane H. Shapiro, Jr. 
264 1 |a New York :  |b Aldine,  |c 1980. 
300 |a xxiii, 318 pages :  |b illustrations ;  |c 24 cm. 
336 |a text  |b txt  |2 rdacontent 
337 |a unmediated  |b n  |2 rdamedia 
338 |a volume  |b nc  |2 rdacarrier 
500 |a Includes indexes. 
504 |a Bibliography: pages 281-307. 
650 0 |a Meditation. 
650 2 |a Relaxation Therapy. 
999 |a MARS 
999 f f |s 29d97cf1-915c-3794-9041-3c0c4c4bb102  |i 6931a942-4e20-32c0-9580-d653396e465d  |t 0 
952 f f |p ric  |a Texas A&M University  |b Rellis Campus  |c Joint Library Facility  |d Remote Storage  |t 0  |e BF637.M4 S5  |h Library of Congress classification  |i unmediated -- volume  |m A14806087811 
998 f f |a BF637.M4 S5  |t 0  |l Remote Storage